Quick Pick: Anything But Chess Quiz Stats

 Plays Quiz Updated Jul 14, 2017

Support Sporcle.
Go Orange.
Score 0/12 Timer 00:30
2 Plays Today
% Correct
Freddie Mercury
98.2%
Elvis Presley
98.1%
Taxman
97.8%
Archdeacon
97.3%
Raven
96.9%
Monk
96.9%
Friar
96.7%
Serf
96.6%
Peasant
96.5%
Page
96%
Squire
95.6%
Prince
95.3%

Today's Daily Dose

You're not logged in!

Compare scores with friends on all Sporcle quizzes.
OR
Log In
Forgot?

From the Vault

Seven Dirty Words

by SporcleAdmin

Though we try to keep things relatively clean here at Sporcle, a tribute to the recently passed George Carlin made this quiz a necessity.
Remove Ads.
Support Sporcle.
Get the best of Sporcle when you Go Orange. This ad-free experience offers more features, more stats, and more fun while also helping to support Sporcle. Thank you for becoming a member.

Show Comments

Extras

Top Quizzes Today


Score Distribution

Your Account Isn't Verified!

In order to create a playlist on Sporcle, you need to verify the email address you used during registration. Go to your Sporcle Settings to finish the process.

Report this User

Report this user for behavior that violates our Community Guidelines.

Details: